Ricky and Rico / (رقم التسجيلة. 114855)

تفاصيل مارك
000 -LEADER
fixed length control field 00447nam a22001697a 4500
005 - DATE AND TIME OF LATEST TRANSACTION
control field 20251108174650.0
008 - FIXED-LENGTH DATA ELEMENTS--GENERAL INFORMATION
fixed length control field 250721s9999 xx 000 0 eng d
082 14 - DEWEY DECIMAL CLASSIFICATION NUMBER
Classification number J/F/ABB
100 1# - MAIN ENTRY--PERSONAL NAME
Personal name abbasi, mahmoud
245 10 - TITLE STATEMENT
Title Ricky and Rico /
264 1# - PRODUCTION, PUBLICATION, DISTRIBUTION, MANUFACTURE, AND COPYRIGHT NOTICE
Place of production, publication, distribution, manufacture حيفا :
Name of producer, publisher, distributor, manufacturer مكتبة كل شئ,
650 17 - SUBJECT ADDED ENTRY--TOPICAL TERM
Topical term or geographic name as entry element FICTION
650 17 - SUBJECT ADDED ENTRY--TOPICAL TERM
Topical term or geographic name as entry element CHILDREN
653 ## - INDEX TERM--UNCONTROLLED
Uncontrolled term اطفال مرحله متوسطه ( 6 - 9 سنوات )
942 ## - ADDED ENTRY ELEMENTS (KOHA)
Source of classification or shelving scheme Dewey Decimal Classification
Koha item type كتب
المقتنيات
حالة السحب حالة الفقدان مصدر التصنيف حالة التلف غير قابل للإعارة المكتبة الرئيسية المكتبة الحالية موقع الرف تاريخ التزويد الرقم المتسلسل Total Checkouts رقم الإستدعاء الباركود تاريخ آخر ظهور تاريخ الفاتورة نوع المادة (كوها)
    Dewey Decimal Classification     المكتبة المركزية المكتبة المركزية الأطفال 20/11/2016 1646280   J/F/ABB PLD00399743 28/07/2025 20/11/2016 كتب
    Dewey Decimal Classification     المكتبة المركزية المكتبة المركزية الأطفال 20/11/2016 1646281   J/F/ABB PLD00399744 28/07/2025 20/11/2016 كتب
    Dewey Decimal Classification     المكتبة المركزية المكتبة المركزية مقتنيات قسم التزويد 28/07/2025 1646282   J/F/ABB   28/07/2025 28/07/2025 كتب
    Dewey Decimal Classification     مكتبة أبو علندا العامة مكتبة أبو علندا العامة الأطفال 20/11/2016 1646286   J/F/ABB PLD00399748 28/07/2025 20/11/2016 كتب
    Dewey Decimal Classification     مكتبة الأميرة ايمان العامة مكتبة الأميرة ايمان العامة الأطفال 20/11/2016 1646284   J/F/ABB PLD00399746 28/07/2025 20/11/2016 كتب
    Dewey Decimal Classification     مكتبة البيادر مكتبة البيادر الأطفال 20/11/2016 1646287   J/F/ABB PLD00399749 28/07/2025 20/11/2016 كتب
    Dewey Decimal Classification     مكتبة الجويدة مكتبة الجويدة الأطفال 20/11/2016 1646285   J/F/ABB PLD00399747 28/07/2025 20/11/2016 كتب
    Dewey Decimal Classification     مكتبة الراية الهاشمية للأطفال مكتبة الراية الهاشمية للأطفال الأطفال 20/11/2016 1646289   J/F/ABB PLD00399751 28/07/2025 20/11/2016 كتب
    Dewey Decimal Classification     مكتبة حمزة العامة مكتبة حمزة العامة الأطفال 20/11/2016 1646283   J/F/ABB PLD00399745 28/07/2025 20/11/2016 كتب
    Dewey Decimal Classification     مكتبة مرج الحمام مكتبة مرج الحمام الأطفال 20/11/2016 1646288   J/F/ABB PLD00399750 28/07/2025 20/11/2016 كتب
Implemented & Customized by: BBB with SCIT (Smart Chains for Information Technology)

Powered by Koha